000 01096cab a2200217 4500
001 ABS68628
008 050119n2005 000 0 eng u
035 _a(Sirsi) u128549
245 _aPromoting confidence in innovative techniques for the remediation of contaminated land
260 _c2005
490 _aBuilding Engineer
_v80(1) January 2005, 12-13(2)
520 _aGives details on the work of CL:AIRE (Contaminated Land: Applications in Real Environments), which is a charity promoting innovative technologies for remediating contaminated land. Its two main aims are to improve the quality of the UK environment and to make the UK economy stronger through cost effective treatment and the development of market opportunities. CL:AIRE provides independent information by providing examples of remediation technologies that have been successfully used.
590 _aABS
650 _aCLAIRE
650 _aREMEDIATION METHODS
650 _aCONTAMINATED LAND
650 _aBIOREMEDIATION
650 _aDEMONSTRATION PROJECTS
690 _aENVIRONMENT-CONTAMINATION
942 _n0
999 _c74725
_d74725